Statistiques concernant Harry Potter commençant par A

Cliquez ici pour prendre le quiz!

Statistiques générales

  • Ce quiz a été pris 1 934 fois
  • Le résultat moyen est 7 sur 10

Statistiques - réponses

Answer% Correct
Prison des sorciersAzkaban
98%
Sortilège de la mortAvada Kedavra
94%
Sorcier capable de se transformer en animalAnimagus
88%
Sortilège de déverrouillageAlohomora
86%
Association d'élèves menée par HarryArmée de Dumbledore
85%
Chasseur de mages noirsAuror
80%
Diplôme de fin de scolarité à PoudlardASPIC
72%
Ruelle sombre à côté du chemin de traverseAllée des Embrumes
69%
Philtre d'amourAmortentia
33%
Araignée géanteAcromentule
32%

Distribution des résultats

Percentile par nombre de réponses

% des personnes avec chaque résultat

Votre développement - résultats

Vous n’avez pas pris ce quiz